=LDR 00000nam 2200000 4500 =001 000272 =990 ##$$a TBM202500081 =005 20250710124014 =035 ##$$a 0010-0725000109 =245 1#$$a Maharaja Singa Sakit Gigi /$c Sanjiv Jaiswal 'Sanjay' =100 #$$a 'Sanjay', Sanjiv Jaiswal =250 ##$$a Cetakan Pertama =300 ##$$a 24 hlm : $b ilus. ; $c 29 cm =856 ##$$a TBM AS SUHADA =260 ##$$a Jakarta Timur :$b Badan Pengembangan dan Pembinaan Bahasa,$c 2022 =082 ##$$a 398.209 598 =084 ##$$a 398.209 598 'SA m =020 ##$$a 978-623-307-344-8